Spy School Character Quiz - Statistics

General Stats
  • This quiz has been taken 216 times
  • The average score is 11 of 20
Answer Stats
Hint Answer % Correct
What is the name of the main character? Ben Ripley
100%
Who does the main character have a crush on? Erica Hale
86%
Who is the girl with green eyes who gives the main character the nickname smokescreen? Zoe Zibell
86%
Who is the bully who is the first person main character meets at the academy? Chip Schacter
80%
Who is the main characters best friend from public school? Mike Brezinski
80%
Who is the boy who has a crush on ^ Warren Reeves
75%
Who is the boy who saves main character from the bully? Murray Hill
69%
Who is the father of the girl the main character has a crush on? Alexander Hale
58%
Who is the girl who main character meets at Evil spy school? Ashley Sparks
58%
Who is best friends with ^ and goes on the ski trip with them Jawa O'Shea
58%
Who is the grandfather of the girl the main character has a crush on? Cyrus Hale
56%
Who is the mother of the girl the main character has a crush on? Catherine Hale
43%
Who is the 6th year who faked his own death (also girl who main character has a crush on used to have a crush on him)? Joshua Hallal
43%
Who is the boy main character meets at Evil spy school? Nefarious Jones
43%
Who is the daughter of ^? Jessica Shang
35%
Who is the bad guy in spy ski school? Leo Shang
35%
Who is the body guard of ^ and used to work for Paul Lee? Dane Brammage
30%
Who is the girl who the main character has a crush on sister? Trixie Hale
18%
Who is the girl who the main character has a crush on grandmother Mary Hale
13%
Who is the character who's real name is Barnabas Sidebottom? The principle
4%
No matching quizzes found
Score Distribution
Percent of People with Each Score
Percentile by Number Answered
Your Score History
You have not taken this quiz